| 000 | nam a22 a 4500 | ||
|---|---|---|---|
| 999 |
_c4420 _d4420 |
||
| 005 | 20170530092405.0 | ||
| 008 | 170530b2012 my ||||| |||| 00| 0 eng d | ||
| 020 | _a9789678918534 | ||
| 040 | _aAKMAL | ||
| 082 | _a345.59502 MAL | ||
| 090 |
_a345.59502 _bMAL |
||
| 245 |
_aPenal Code (Act 574) _b(as at 5th January 2012) _cInternational Law Book Services |
||
| 260 |
_aPetaling Jaya _bInternational Law Book Services _c2012 |
||
| 300 |
_a201ms _c24 cm |
||
| 599 | _aDALAM PROSES | ||
| 650 |
_aLaws _98586 |
||
| 942 |
_2ddc _cBOOK |
||